000 00597nam a2200229Ia 4500
003 0100
005 20161220120026.0
008 130303s9999 xx 000 0 und d
020 _a0385009542
040 _cARRUPELIB
050 _aREF. BS192.2.A11964.G3 1983
100 _aGreenberg , Moshe
_928146
245 _aEzekiel 1-20
250 _a1st ed.
260 _aNew york
260 _bDoubleday & Co.
300 _axii
300 _b 388p. 24cm.
440 _aThe anchor bible series; v.22
_928147
650 _aBible O.T.
_xEzekiel
_xCommentaries
_928148
942 _2lcc
_cMONOGRAPH
999 _c24423
_d24423